000 00961nam1a22002291i 4500
001 rc\4456053
005 20260406182959.0
035 _a(NLR Aleph) 008321758
090 _a8761490
_c8761490
100 _a20130416d1963 |||y0rusy50 ca
101 0 _arus
102 _aRU
105 _ay z |||||
200 1 _aИсторико-экономический обзор
_e[Учеб. пособие]
_f[Отв. ред. А.В. Вяткин]
_gУн-т дружбы народов им. Патриса Лумумбы. Кафедра ист.-экон. цикла. Ч. 1-
210 _aМосква
_cБ. и.
_d1963
215 _d22
702 1 _aВяткин
_bА.В.
_4340
712 0 2 _aУниверситет дружбы народов им. Патриса Лумумбы
_cМосква
_bКафедра историко-экон. цикла
_3RU\NLR\AUTH\889948045
_9391706
801 0 _aRU
_bNLR
_gpsbo
801 1 _aRU
_bELAR
_2rusmarc
852 _aNLR
_j63-5/5708
942 _cBOOK